00990nam a2200229 a 4500001001000000003000500010005001700015008004100032010001100073011001100084040000900095100003800104245017900142260004100321500006000362502008200422650002800504650006700532650003200599650005900631856007000690000114328CHAP20220329144436.0180111s2017 mx sm |||||||spa d a110789 a111761 cCHAP1 aPiza Núñez, Estefania Grissel10aEvaluación del escurrimiento calculado con los metodos de Green-Ampt y curva numérica en la cuenca del río Chapingoh[En línea]cpor Estefania Grissel Piza Núñez. aChapingo, Méx. :bEl autor,c2017. aPara ver el contenido del material haga clic en la liga aTesis (Ing. en Recursos Naturales Renovables) -- UACH. Departamento de Suelos14aCuencas hidrológicas.14aCuencas hidrológicasxEscurrimientosxModelos matemáticos.14aEscurrimientosxMedición.14aEscurrimientosxMétodos gráficos en computación. aFinding aiduhttp://10.13.5.2/tesis/sist114328.pdfzTeclea aquí